The nine symphonies of Beethoven /

Bibliographic Details
Main Author: Hopkins, Antony, 1921-2014
Format: Book
Language:English
Published: London : Seattle : Heinemann ; University of Washington Press, 1981.
Subjects:

MARC

Tag First Indicator Second Indicator Subfields
LEADER 00000pam a2200000 a 4500
001 in00000073960
005 20151008060108.0
008 801106s1981 enkg b 00110 engm
010 |a  80027053  
020 |a 0295958235 
035 |a (OCoLC)06981522 
035 |9 AAJ5115AM 
040 |a DLC  |c DLC  |d m.c.  |d TXA  |d UtOrBLW 
049 |a TXAM  |c [1442727] 
050 0 0 |a MT130.B43  |b H6 
082 0 |a 785.1/1/0924  |2 19 
100 1 |a Hopkins, Antony,  |d 1921-2014. 
245 1 4 |a The nine symphonies of Beethoven /  |c Antony Hopkins. 
264 1 |a London :  |b Heinemann ;  |a Seattle :  |b University of Washington Press,  |c 1981. 
300 |a vi, 290 pages :  |b music ;  |c 25 cm. 
336 |a text  |b txt  |2 rdacontent 
337 |a unmediated  |b n  |2 rdamedia 
338 |a volume  |b nc  |2 rdacarrier 
500 |a Includes index. 
504 |a Bibliography: page 286. 
600 1 0 |a Beethoven, Ludwig van,  |d 1770-1827.  |t Symphonies. 
999 |a MARS 
999 f f |s 9b318367-e738-3d3f-a2e2-76e1d246b53c  |i b2530dbf-859f-358e-bcca-8e3e83120ae9  |t 0 
952 f f |p normal  |a Texas A&M University  |b College Station  |c Sterling C. Evans Library  |d Evans: Library Stacks  |t 0  |e MT130.B43 H6  |h Library of Congress classification  |i unmediated -- volume  |m A14806165790 
998 f f |a MT130.B43 H6  |t 0  |l Evans: Library Stacks